Countries with Lynxes - Statistics

General Stats
  • This quiz has been taken 166 times
  • The average score is 45 of 51
Answer Stats
Species Countries % Correct
Lynx lynx lynx, Lynx lynx dinniki, Lynx lynx wrangeli Russia
97%
Lynx canadiensis, Lynx rufus Canada
96%
Lynx lynx isabellinus, Lynx lynx wrangeli China
96%
Lynx lynx carpathicus France
96%
Lynx lynx carpathicus Germany
96%
Lynx pardinus Spain
95%
Lynx canadiensis, Lynx rufus United States
95%
Lynx lynx lynx Finland
92%
Lynx lynx lynx Sweden
92%
Lynx lynx lynx, Lynx lynx carpathicus Ukraine
92%
Lynx lynx lynx Norway
91%
Lynx lynx lynx, Lynx lynx carpathicus Poland
91%
Lynx lynx dinniki Turkey
91%
Lynx lynx balcanicus Albania
90%
Lynx lynx carpathicus Austria
90%
Lynx lynx lynx Belarus
90%
Lynx lynx carpathicus Croatia
90%
Lynx lynx carpathicus Italy
90%
Lynx lynx lynx, Lynx lynx isabellinus Kazakhstan
90%
Lynx rufus Mexico
90%
Lynx lynx lynx Estonia
89%
Lynx lynx dinniki Georgia
89%
Lynx lynx balcanicus Greece
89%
Lynx lynx carpathicus Romania
89%
Lynx lynx carpathicus Switzerland
89%
Lynx lynx isabellinus, Lynx lynx wrangeli Mongolia
88%
Lynx lynx carpathicus Serbia
88%
Lynx lynx isabellinus India
87%
Lynx lynx dinniki Iran
87%
Lynx lynx lynx Latvia
87%
Lynx lynx lynx Lithuania
87%
Lynx lynx carpathicus Slovenia
87%
Lynx lynx isabellinus Uzbekistan
87%
Lynx lynx dinniki Armenia
86%
Lynx lynx dinniki Azerbaijan
86%
Lynx lynx carpathicus Bosnia and Herzegovina
86%
Lynx lynx carpathicus Bulgaria
86%
Lynx lynx carpathicus Czechia
86%
Lynx lynx carpathicus Slovakia
86%
Lynx lynx isabellinus Turkmenistan
86%
Lynx lynx isabellinus Pakistan
85%
Lynx lynx isabellinus Afghanistan
84%
Lynx lynx carpathicus Hungary
84%
Lynx lynx isabellinus Kyrgyzstan
84%
Lynx lynx balcanicus Montenegro
84%
Lynx lynx isabellinus Tajikistan
83%
Lynx lynx isabellinus Nepal
81%
Lynx lynx wrangeli North Korea
80%
Lynx lynx balcanicus North Macedonia
80%
Lynx lynx balcanicus Kosovo
79%
Lynx lynx isabellinus Bhutan
77%
No matching quizzes found
Score Distribution
Percent of People with Each Score
Percentile by Number Answered
Your Score History
You have not taken this quiz